1008 1211 1049 1037 1780 1641 1341 1921 1706 1275 1391 1758 1305 1390 1912 1968 1784 1115 1570 1107 1502 1123 1693 1592 1755 1616 1265 1334 1126 1206 1026 1959 1353 1643 1225 1272 1498 1571 1440 1589 1029 1341 1579 1865 1398 1744 1245 1234 1775 1522 1628 1728 1189 1316 1461 1824 1111 1785 1839 1396 1722 1661 1842 1566 1774 1616 1882 1527 1642 1700 1750 1594 1688 1551 1028 1763 1086 1718 1320 1544 1373 1495 1503 1325 1866 1248 1549 1476 1221 1763 1975 1000 1951 1990 1003 1364 1693 1630 1882 BCNSPRNW ULIB Ver.6.0+V

เปลี่ยนเป็นภาษาไทย

Change to English
 แสดงรายละเอียดบรรณานุกรม
  กลับหน้าหลัก

Brief Record : Get Marc (ISO 2709) : E-mail record : QR code < ปิดหน้าต่าง
LEADER : 00000nam 2200000uu 4500
001    13399120162
003     ULIB
008    120905s2554||||th 000 0 tha d
020    ^a9747762412
020    ^a9789747762419
060 04 ^aQT104^bร326ส
245 00 ^aสรีรวิทยา /^cรัชฎ แก่นสาร์, บรรณาธิการ
250    ^aพิมพ์ครั้งที่ 11
260    ^aกรุงเทพฯ :^bโครงการสวัสดิการวิชาการ สถาบันพระบรมราชชนกกระทรวงสาธารณสุข,^c2554
300    ^a[6], 671 หน้า :^bภาพประกอบ ;^c30 ซม.
650  7 ^aสรีรวิทยา
700 0  ^aรัชฎา แก่นสาร์,^eบรรณาธิการ
710 2  ^aกระทรวงสาธารณสุข. ^bสถาบันพระบรมราชชนก.^bโครงการสวัสดิการวิชาการ
945    ^p300^l0^i032773
945    ^p300^l0^i032774
945    ^p300^l0^i032775
995    ^aทศพร
999    ^aทศพร
รายการนี้ยังไม่มีแท็ก
คุณยังไม่ได้ล็อกอิน คุณสามารถมีกิจกรรมร่วมกับเว็บไซต์ได้ แต่ต้องล็อกอินก่อน ::
  ล็อกอิน

รายการสื่อสารสนเทศ

ลำดับที่ ประเภท เลขเรียก/บาร์โค้ด สถานที่ สถานะ
1. วิทยาศาสตร์การแพทย์ และสุขภาพ
หนังสือสำรอง
สถานะ=หนังสือสำรอง
QT104 ร326ส ฉ.1 
  Barcode: 032773
ห้องสมุดวิทยาเขตสวรรค์ประชารักษ์
►ส่วนจัดเก็บหนังสือเก่า สปร
บนชั้น
  ขอยืม
2. วิทยาศาสตร์การแพทย์ และสุขภาพ
วิทยาศาสตร์การแพทย์ และสุขภาพ
QT104 ร326ส ฉ.2 
  Barcode: 032774
ห้องสมุดวิทยาเขตสวรรค์ประชารักษ์
►ส่วนจัดเก็บหนังสือเก่า สปร
บนชั้น
  ขอยืม
3. วิทยาศาสตร์การแพทย์ และสุขภาพ
วิทยาศาสตร์การแพทย์ และสุขภาพ
QT104 ร326ส ฉ.3 
  Barcode: 032775
ห้องสมุดวิทยาเขตสวรรค์ประชารักษ์
►ส่วนจัดเก็บหนังสือเก่า สปร
บนชั้น
  ขอยืม

รายการใกล้เคียง
    หัวเรื่อง [สรีรวิทยา]

BibComment


ยังไม่เคยถูกคอมเมนท์

คอมเมนท์ทรัพยากรรายการนี้
  คอมเมนท์: สรีรวิทยา รัชฎ ..


 Copyright 2026. Bcnsprnw @Library